| 000 | 00824nam a22002057a 4500 | ||
|---|---|---|---|
| 005 | 20180803165510.0 | ||
| 008 | 131113b2008 ck ||||| |||| 00| 0 spa d | ||
| 040 |
_aCO-BoIAVH _cCO-BoIAVH |
||
| 041 | _aspa | ||
| 044 | _ack | ||
| 090 |
_a IAVH _b01475 |
||
| 245 |
_aInforme de gestión y actividades primer semestre 2008 del Fondo Biocomercio Colombia _bDocumento dirigido al consejo de administración del fondo biocomericio |
||
| 260 |
_aBogota _bInstituto de Investigación de Recursos Biológicos Alexander von Humboldt _c2008 |
||
| 300 |
_a71 p. _bgraficos. _c29 cm |
||
| 500 | _aInforme de gestion | ||
| 520 | _aPresenta la actividad durante el primer semestre del 2008 muestra el vigor economico registrado con el año anterior. | ||
| 650 |
_aGestion _932449 |
||
| 650 |
_aBiocomercio _992419 |
||
| 942 |
_2z _cINFORME |
||
| 999 |
_c7781 _d7781 |
||